|
|
|
|
| LEADER |
00622nam a22001812a 4500 |
| 001 |
000262707 |
| 003 |
CZ BrMZK |
| 005 |
20070122062145.0 |
| 008 |
980107s1985 gw f ger d |
| 040 |
|
|
|a BOA001
|b cze
|
| 100 |
1 |
|
|a Jiránek, Jaroslav,
|d 1922-2001
|7 jk01051803
|
| 245 |
1 |
0 |
|a Zu Grundfragen der musikalischen Semiotik /
|c Jaroslav Jiránek.
|
| 260 |
|
|
|a Berlin :
|b Neue Musik,
|c 1985
|
| 300 |
|
|
|a 255 s., [2] tab. příl. na vol. l.
|
| 910 |
|
|
|a BOA001
|b PK-0101.009
|
| 964 |
|
|
|a Hudba - sémantika - studie
|
| 990 |
|
|
|a BK
|
| 996 |
7 |
|
|b 3119914743
|c PK-0101.009
|l MZK
|r Sklad / do 1 hodiny
|n 1
|w 000262707
|u 000010
|a 1
|e BOA001
|j MZK50
|s A
|